[Event "77th ch-ARM HL"]
[Site "Yerevan ARM"]
[Date "2017.01.14"]
[EventDate "2017.01.12"]
[Round "3.4"]
[Result "1/2-1/2"]
[White "Hovhannes Gabuzyan"]
[Black "Haik M Martirosyan"]
[WhiteElo "2585"]
[BlackElo "2516"]
[PlyCount "105"]

1. Nf3 Nf6 2. c4 c5 3. g3 b6 4. Bg2 Bb7 5. O-O e6 6. Nc3 Be7
7. d4 cxd4 8. Qxd4 d6 9. b3 O-O 10. Rd1 Nbd7 11. Ba3 Nc5
12. b4 Nce4 13. Nxe4 Bxe4 14. b5 Rc8 15. Rac1 Rc7 16. Qb2 Ng4
17. Qb3 d5 18. Bxe7 Qxe7 19. Nd4 dxc4 20. Rxc4 Qf6 21. Rf1
Rxc4 22. Qxc4 Bxg2 23. Kxg2 Qxf2+ 24. Rxf2 Ne3+ 25. Kg1 Nxc4
26. Rf3 Rd8 27. Nc6 Rd1+ 28. Kf2 g5 29. Rd3 Rb1 30. Nxa7 Kg7
31. Rd4 Rc1 32. Nc6 h5 33. a4 f5 34. Rd7+ Kf6 35. Rh7 f4
36. Rh6+ Kf5 37. gxf4 gxf4 38. Rxh5+ Kg4 39. Rh8 e5 40. Rc8
Rh1 41. Ne7 Nd2 42. Rg8+ Kh3 43. Rh8+ Kg4 44. h3+ Kg5 45. Rg8+
Kf6 46. Nd5+ Kf5 47. Kg2 Re1 48. Rf8+ Ke4 49. Nf6+ Ke3
50. Ng4+ Ke4 51. Nf6+ Ke3 52. Ng4+ Ke4 53. Nf6+ 1/2-1/2

[Event "77th ch-ARM HL"]
[Site "Yerevan ARM"]
[Date "2017.01.15"]
[EventDate "2017.01.12"]
[Round "4.2"]
[Result "1-0"]
[White "Haik M Martirosyan"]
[Black "Karen H Grigoryan"]
[WhiteElo "2516"]
[BlackElo "2571"]
[PlyCount "95"]

1. d4 Nf6 2. c4 c5 3. d5 e6 4. Nc3 exd5 5. cxd5 d6 6. Nf3 g6
7. Bf4 a6 8. a4 Bg7 9. h3 O-O 10. e3 Qe7 11. Be2 Nbd7 12. Nd2
Ne5 13. O-O Ne8 14. Bh2 f5 15. a5 g5 16. f4 gxf4 17. exf4 Ng6
18. Nc4 Bd4+ 19. Kh1 Bd7 20. Qd2 Nc7 21. Nb6 Rae8 22. Rae1 Qg7
23. Bd3 Rxe1 24. Rxe1 Bb5 25. Nc4 Bxc4 26. Bxc4 Kh8 27. Ne2
Bxb2 28. Rb1 Ba3 29. Rxb7 Bb4 30. Qd3 Bxa5 31. Bg1 Qd7 32. Be3
Qc8 33. Rb1 Ne8 34. Ng3 Ng7 35. Bxa6 Qd8 36. Rb7 Qh4 37. Kh2
Nxf4 38. Qc4 Nxg2 39. Kxg2 Qf6 40. Qf4 Bc3 41. Ne2 Rg8 42. Kf1
Ba5 43. Bd3 Qa1+ 44. Bc1 Bd8 45. Qxd6 c4 46. Bxc4 Qa4 47. Bb2
Qd1+ 48. Kg2 1-0

[Event "77th ch-ARM HL"]
[Site "Yerevan ARM"]
[Date "2017.01.16"]
[EventDate "2017.01.12"]
[Round "5.3"]
[Result "1-0"]
[White "Tigran Levonovich Petrosian"]
[Black "Haik M Martirosyan"]
[WhiteElo "2592"]
[BlackElo "2516"]
[PlyCount "191"]

1. Nf3 Nf6 2. g3 b5 3. Bg2 Bb7 4. Na3 a6 5. c4 e6 6. cxb5 Bxa3
7. bxa6 Rxa6 8. bxa3 O-O 9. O-O d6 10. d3 c5 11. Rb1 Ba8
12. e4 Nc6 13. Bb2 e5 14. Nd2 Nd7 15. f4 Nd4 16. fxe5 dxe5
17. Nc4 Qe7 18. a4 Nb6 19. Bxd4 Nxc4 20. Bf2 Nb6 21. a5 Nd7
22. Be1 Ra7 23. Qa4 Bb7 24. Qa3 Ba6 25. Bf2 Qd6 26. Rfd1 Rc7
27. d4 exd4 28. Bxd4 Qe6 29. Bc3 Bc4 30. Qb2 Bxa2 31. Ra1 Bc4
32. e5 Nb8 33. Rd6 Qg4 34. Re1 Qc8 35. Rb1 Nc6 36. Qb6 Nd4
37. Bxd4 cxd4 38. Rxd4 Be2 39. h4 Rc2 40. Rb2 Rxb2 41. Qxb2
Qc5 42. Qb6 Qxe5 43. Rd8 g6 44. Rxf8+ Kxf8 45. Kh2 Qa1 46. Bb7
Qa2 47. Qf2 Qe6 48. Qc5+ Kg7 49. Qd4+ Kg8 50. Qd8+ Kg7
51. Qd4+ Kg8 52. Bd5 Qf5 53. Qe4 Qf2+ 54. Qg2 Qe3 55. Qe4 Qf2+
56. Qg2 Qe3 57. Bb7 Qe6 58. Qd5 Qe3 59. Qd8+ Kg7 60. Qb6 Qa3
61. a6 Bxa6 62. Bxa6 Qa2+ 63. Kh3 Qa1 64. Bb7 h5 65. Qe3 Qf1+
66. Bg2 Qf5+ 67. Kh2 Qf6 68. Bd5 Qb2+ 69. Kh3 Qf6 70. Kg2 Kg8
71. Qf4 Qe7 72. Kf3 Kg7 73. Qd4+ Kg8 74. Kf4 Qc7+ 75. Qe5 Qc1+
76. Qe3 Qc7+ 77. Kf3 Kg7 78. Qd4+ Kg8 79. Qf6 Kf8 80. Be4 Qd7
81. Qe5 Qd1+ 82. Kf2 Qd2+ 83. Kf3 Qd1+ 84. Ke3 Qe1+ 85. Kd3
Qd1+ 86. Kc4 Qa4+ 87. Kc5 Qa5+ 88. Kd6 Qb4+ 89. Kd7 Qa4+
90. Kd8 Kg8 91. Qe8+ Qxe8+ 92. Kxe8 Kg7 93. Ke7 f6 94. Bf3 f5
95. Ke6 g5 96. hxg5 1-0

[Event "77th ch-ARM HL"]
[Site "Yerevan ARM"]
[Date "2017.01.17"]
[EventDate "2017.01.12"]
[Round "6.3"]
[Result "0-1"]
[White "Zaven Andriasian"]
[Black "Haik M Martirosyan"]
[WhiteElo "2621"]
[BlackElo "2516"]
[PlyCount "94"]

1. Nf3 Nf6 2. c4 e6 3. g3 d5 4. Bg2 Be7 5. O-O O-O 6. d4 dxc4
7. Qc2 a6 8. a4 Bd7 9. Qxc4 Bc6 10. Bg5 a5 11. Nc3 Ra6 12. e3
Rb6 13. Qe2 Nbd7 14. Rfd1 Bxf3 15. Bxf3 c6 16. h4 Nd5 17. Bxe7
Qxe7 18. e4 N5f6 19. Rd2 Rb4 20. d5 e5 21. Qe3 Qc5 22. Qe2 Qb6
23. dxc6 bxc6 24. Rad1 Nc5 25. Qe3 Nxa4 26. Qxb6 Nxb6 27. Rd6
Rc4 28. Be2 Rc5 29. f4 Re8 30. Kg2 Kf8 31. Kf3 Ke7 32. R6d2
Ra8 33. g4 a4 34. Na2 exf4 35. Kxf4 h6 36. g5 hxg5+ 37. hxg5
Nfd7 38. Nb4 Ne5 39. Rh1 Nbd7 40. Ke3 a3 41. bxa3 Rxa3+
42. Kf2 Rcc3 43. Rh4 Nc5 44. Rb2 Rh3 45. Rf4 Ncd3+ 46. Nxd3
Nxd3+ 47. Bxd3 Rh2+ 0-1

[Event "77th ch-ARM HL"]
[Site "Yerevan ARM"]
[Date "2017.01.18"]
[EventDate "2017.01.12"]
[Round "7.3"]
[Result "0-1"]
[White "Haik M Martirosyan"]
[Black "Arman Pashikian"]
[WhiteElo "2516"]
[BlackElo "2607"]
[PlyCount "86"]

1. d4 Nf6 2. c4 e6 3. Nf3 d5 4. Nc3 c6 5. g3 dxc4 6. Ne5 b5
7. Bg2 a6 8. O-O Bb7 9. b3 b4 10. Ne4 Nxe4 11. Bxe4 c3 12. a3
a5 13. axb4 Bxb4 14. Qc2 h6 15. e3 Qe7 16. f4 O-O 17. f5 exf5
18. Bxf5 g6 19. Bd3 Ba6 20. e4 Qd6 21. Be3 h5 22. Nc4 Qe7
23. e5 Nd7 24. Bh6 Qe6 25. Bxf8 Nxf8 26. Rf6 Qd5 27. Qf2 Ne6
28. Ne3 Bxd3 29. Nxd5 cxd5 30. Rxf7 Ng5 31. Qe3 Nh3+ 32. Kg2
Be4+ 33. Qxe4 dxe4 34. Rf6 Rf8 35. Rc6 Nf2 36. e6 e3 37. d5
Nd3 38. d6 Ne5 39. Ra6 c2 40. e7 Rc8 41. d7 Nxd7 42. Rc6 Re8
43. Rxc2 Rxe7 0-1

[Event "77th ch-ARM HL"]
[Site "Yerevan ARM"]
[Date "2017.01.19"]
[EventDate "2017.01.12"]
[Round "8.2"]
[Result "1/2-1/2"]
[White "Samvel Ter-Sahakyan"]
[Black "Haik M Martirosyan"]
[WhiteElo "2582"]
[BlackElo "2516"]
[PlyCount "33"]

1. e4 e6 2. d4 d5 3. Nc3 dxe4 4. Nxe4 Nd7 5. Nf3 Be7 6. Bd3
Ngf6 7. Nxf6+ Bxf6 8. O-O O-O 9. c3 c5 10. Qc2 g6 11. Bf4 cxd4
12. cxd4 Nb6 13. Be4 Nd5 14. Be5 Bg7 15. Rac1 Bh6 16. Rcd1 b6
17. Qc6 1/2-1/2

[Event "77th ch-ARM HL"]
[Site "Yerevan ARM"]
[Date "2017.01.20"]
[EventDate "2017.01.12"]
[Round "9.5"]
[Result "1/2-1/2"]
[White "Haik M Martirosyan"]
[Black "Tigran K Harutyunian"]
[WhiteElo "2516"]
[BlackElo "2511"]
[PlyCount "150"]

1. d4 d5 2. c4 c6 3. Nf3 Nf6 4. Nc3 e6 5. Bg5 h6 6. Bxf6 Qxf6
7. e3 g6 8. Bd3 Bg7 9. O-O O-O 10. Ne5 dxc4 11. Bxc4 c5
12. Nf3 cxd4 13. Nxd4 Nd7 14. Qb3 Nb6 15. Be2 e5 16. Ndb5 Be6
17. Qb4 Nd5 18. Nxd5 Bxd5 19. Rad1 Bc6 20. Nc3 e4 21. Bb5 Rfd8
22. Nxe4 Qxb2 23. Qxb2 Bxb2 24. Bxc6 bxc6 25. g4 Rd5 26. Rb1
Re8 27. f3 Bg7 28. Rfc1 f5 29. gxf5 gxf5 30. Ng3 Rxe3 31. Rxc6
f4 32. Ne4 Re2 33. Rc8+ Kh7 34. Rc7 Kg6 35. Kh1 Bd4 36. Rc6+
Kh5 37. a4 Ra5 38. Rd6 Bb6 39. Rc1 Rxe4 40. fxe4 Rxa4 41. Re6
Kg4 42. Rf1 f3 43. h3+ Kf4 44. Rf6+ Kxe4 45. R6xf3 Be3 46. Rf7
Kd3 47. Kg2 a5 48. Kf3 Bd2 49. Rg1 Rh4 50. Rd7+ Kc2 51. Rc7+
Kd3 52. Kg2 Rc4 53. Rd7+ Kc2 54. Rf1 Bc3 55. Rb7 Rb4 56. Ra7
a4 57. Rf8 Kb3 58. Rc8 Bb2 59. Ra5 a3 60. Rc6 h5 61. Rca6 h4
62. Kf3 Rc4 63. Ra8 Rd4 64. Ke3 Rc4 65. Rb5+ Kc2 66. Kf3 Kc3
67. Rba5 Kb3 68. R5a6 Rd4 69. Re6 Rc4 70. Ra7 Kc2 71. Rea6 Kb3
72. Ra8 Rd4 73. Ke3 Rc4 74. Rb6+ Kc2 75. Kf3 Kc3 1/2-1/2

[Event "Mayors Cup Yerevan KO"]
[Site "Yerevan ARM"]
[Date "2017.01.31"]
[EventDate "2017.01.31"]
[Round "1.1"]
[Result "1/2-1/2"]
[White "Robert Hovhannisyan"]
[Black "Haik M Martirosyan"]
[WhiteElo "2631"]
[BlackElo "2516"]
[PlyCount "85"]

1. e4 e6 2. d4 d5 3. Nc3 Bb4 4. exd5 exd5 5. Bd3 Nf6 6. Ne2 c6
7. O-O O-O 8. a3 Be7 9. Ng3 Re8 10. Nce2 Nbd7 11. Nf5 Bf8
12. Bf4 Nb6 13. Neg3 Ne4 14. b3 Nxg3 15. hxg3 Bxf5 16. Bxf5 g6
17. Bd3 Bg7 18. c3 Nd7 19. b4 a6 20. Qb3 b5 21. a4 Nb6 22. a5
Nc4 23. Rae1 Qd7 24. Qb1 Rxe1 25. Rxe1 Re8 26. Rxe8+ Qxe8
27. Qd1 Qe6 28. Qe2 Qxe2 29. Bxe2 Kf8 30. g4 Ke7 31. g3 Nd6
32. f3 Kd7 33. g5 Nf5 34. Bd3 Ke6 35. Kf2 Bf8 36. Be5 Be7
37. f4 h5 38. gxh6 Nxh6 39. Kf3 f6 40. Bb8 f5 41. Be5 Ng4
42. Bc2 Bd6 43. Bd3 1/2-1/2

[Event "Mayors Cup Yerevan KO"]
[Site "Yerevan ARM"]
[Date "2017.01.31"]
[EventDate "2017.01.31"]
[Round "1.2"]
[Result "1/2-1/2"]
[White "Haik M Martirosyan"]
[Black "Robert Hovhannisyan"]
[WhiteElo "2516"]
[BlackElo "2631"]
[PlyCount "95"]

1. e4 c6 2. Nc3 d5 3. Nf3 Bg4 4. d4 Nf6 5. e5 Nfd7 6. h3 Bxf3
7. Qxf3 e6 8. Qg3 c5 9. Nb5 cxd4 10. Nxd4 Nc6 11. Nxc6 bxc6
12. Bd3 g6 13. O-O Rb8 14. c3 Be7 15. f4 Nc5 16. Bc2 a5
17. Kh2 Qb6 18. Be3 Qa6 19. b3 Qe2 20. Rf2 Qh5 21. Qg4 Qxg4
22. hxg4 h5 23. g5 Kd7 24. Kg3 Rhc8 25. Kf3 Na6 26. Bd3 Nc5
27. Bc2 Nb7 28. Bd2 Bc5 29. Re2 Bb6 30. Rh1 Nc5 31. g4 hxg4+
32. Kxg4 Rh8 33. Reh2 Rxh2 34. Rxh2 Ke7 35. Rh7 Ne4 36. Bc1
Rg8 37. Bb2 Bc5 38. Rh2 Bb6 39. Kf3 Nc5 40. Rh7 Nd7 41. Bd3
Nf8 42. Ba3+ c5 43. Rh1 Nd7 44. Bb5 Ba7 45. Rh7 Nf8 46. Rh1
Nd7 47. Bd3 Bb6 48. Bb5 1/2-1/2

[Event "Mayors Cup Yerevan KO"]
[Site "Yerevan ARM"]
[Date "2017.01.31"]
[EventDate "2017.01.31"]
[Round "1.3"]
[Result "1/2-1/2"]
[White "Robert Hovhannisyan"]
[Black "Haik M Martirosyan"]
[WhiteElo "2631"]
[BlackElo "2516"]
[PlyCount "132"]

1. e4 e6 2. d4 d5 3. Nc3 Bb4 4. e5 c5 5. dxc5 Nc6 6. Nf3 Nge7
7. Bd3 Ng6 8. O-O O-O 9. Bg5 Qa5 10. Bd2 Qxc5 11. a3 Bxc3
12. Bxc3 Qe7 13. Re1 Rd8 14. Bd4 b6 15. c3 Bb7 16. g3 Rac8
17. h4 h6 18. Qc2 Nf8 19. Rad1 Nd7 20. Qe2 Nc5 21. Nh2 Nxd3
22. Qxd3 Nxd4 23. cxd4 Rc4 24. Ng4 Rdc8 25. Ne3 R4c7 26. Qd2
a5 27. Rc1 Ba6 28. Rxc7 Qxc7 29. Kg2 Bb5 30. Ra1 Ba4 31. Re1
Bc2 32. f3 Bg6 33. Kf2 b5 34. g4 Qb6 35. h5 Bh7 36. Rd1 b4
37. axb4 axb4 38. Ra1 b3 39. Kg3 Kh8 40. Ra4 Bc2 41. Qb4 Qd8
42. Ra7 Kg8 43. Qb7 Qf8 44. Qd7 Rd8 45. Qc7 Rc8 46. Qd7 Rd8
47. Qb7 Rb8 48. Qd7 Rd8 49. Qc7 Rc8 50. Qb7 Rb8 51. Qd7 Rd8
52. Qb5 Rb8 53. Qa5 Rc8 54. Qb5 Rb8 55. Qa4 Rb4 56. Qc6 Rb8
57. Ng2 Qb4 58. Qc7 Rf8 59. Qc5 Qd2 60. Qa5 Qc1 61. Qc3 Qg1
62. Qe3 Qb1 63. Qc3 Qg1 64. Qe3 Qb1 65. Qc3 Qg1 66. Qe3 Qb1
1/2-1/2

[Event "Mayors Cup Yerevan KO"]
[Site "Yerevan ARM"]
[Date "2017.01.31"]
[EventDate "2017.01.31"]
[Round "1.4"]
[Result "1/2-1/2"]
[White "Haik M Martirosyan"]
[Black "Robert Hovhannisyan"]
[WhiteElo "2516"]
[BlackElo "2631"]
[PlyCount "104"]

1. e4 c6 2. d4 d5 3. Nc3 dxe4 4. Nxe4 Bf5 5. Ng3 Bg6 6. Nh3
Nf6 7. Nf4 e5 8. Nxg6 hxg6 9. dxe5 Qa5+ 10. c3 Qxe5+ 11. Qe2
Nbd7 12. Bf4 Qxe2+ 13. Bxe2 Bc5 14. O-O O-O-O 15. h3 Nd5
16. Bg5 Rde8 17. Bc4 N7b6 18. Bb3 Re5 19. Bd2 Rhe8 20. Rae1 a5
21. a4 f5 22. Rxe5 Rxe5 23. Re1 Rxe1+ 24. Bxe1 Nf4 25. Bc2 Nc4
26. b4 Bb6 27. Kf1 Kd7 28. Ne2 Nd5 29. Bb3 Ne5 30. Nc1 Bc7
31. Bd2 Nf6 32. Ke2 Ne4 33. Be1 Nd6 34. Nd3 Nxd3 35. Kxd3 Bb6
36. f3 Ke8 37. h4 Nf7 38. Bg3 Ke7 39. Ke2 Kf6 40. Bf4 Ke7
41. g4 fxg4 42. fxg4 axb4 43. cxb4 Bd4 44. Bc2 Ne5 45. Bxe5
Bxe5 46. Bxg6 Bc3 47. b5 cxb5 48. axb5 b6 49. Kf3 Be1 50. h5
Kf6 51. Bf5 Bd2 52. Ke4 Bc1 1/2-1/2

[Event "Mayors Cup Yerevan KO"]
[Site "Yerevan ARM"]
[Date "2017.01.31"]
[EventDate "2017.01.31"]
[Round "1.5"]
[Result "1-0"]
[White "Robert Hovhannisyan"]
[Black "Haik M Martirosyan"]
[WhiteElo "2631"]
[BlackElo "2516"]
[PlyCount "179"]

1. e4 e6 2. d4 d5 3. Nc3 Bb4 4. e5 c5 5. dxc5 Nc6 6. Nf3 Nge7
7. Bd3 O-O 8. O-O Ng6 9. Bg5 Qa5 10. Bd2 Qxc5 11. a3 Bxc3
12. Bxc3 Qe7 13. Re1 b6 14. Bb5 Bb7 15. Bxc6 Bxc6 16. Bb4 Qc7
17. Bd6 Qd7 18. Bxf8 Rxf8 19. Nd4 Bb7 20. Qd2 f6 21. Nf3 Qe7
22. Qb4 Qf7 23. Qd4 Rc8 24. Qd2 Rc4 25. exf6 gxf6 26. Nd4 e5
27. Nf5 Qe6 28. Ne3 Rh4 29. Qd3 Rh5 30. Rad1 Nf4 31. Qc3 d4
32. Qc7 Bxg2 33. Rxd4 exd4 34. Nxg2 Ne2+ 35. Kf1 Re5 36. Qb8+
Kg7 37. Qxa7+ Kh6 38. Qa6 Nf4 39. Rxe5 Qxe5 40. Nxf4 Qxf4
41. Qd3 Qc1+ 42. Ke2 Qxb2 43. Kf3 Qa1 44. Ke4 Kg7 45. h3 Qb2
46. Kd5 Qa1 47. Kc6 Qb2 48. Kc7 b5 49. Kc6 b4 50. axb4 Qxb4
51. Kd5 Qb2 52. Ke4 Qa1 53. Qxd4 Qh1+ 54. f3 Qxh3 55. c4 Qe6+
56. Kd3 Qf5+ 57. Kc3 Kf7 58. c5 Qe6 59. Kb4 Ke7 60. Kb5 Qb3+
61. Ka5 Qa3+ 62. Kb5 Qb3+ 63. Kc6 Qxf3+ 64. Kc7 Qa8 65. Qd6+
Kf7 66. Qd7+ Kg6 67. c6 Qa7+ 68. Kc8 Qa8+ 69. Kc7 Qa7+ 70. Kd6
Qd4+ 71. Ke7 Qe5+ 72. Kf8 Qc5+ 73. Kg8 Qc4+ 74. Kh8 f5
75. Qg7+ Kh5 76. Qxh7+ Kg4 77. Qg8+ Qxg8+ 78. Kxg8 f4 79. c7
f3 80. c8=Q+ Kg3 81. Qc3 Kg2 82. Qc6 Kg3 83. Qg6+ Kh2 84. Qh5+
Kg2 85. Qg4+ Kf2 86. Kf7 Ke3 87. Qg3 Ke2 88. Qf4 Kf2 89. Qg4
Ke3 90. Kf6 1-0

[Event "Aeroflot Open"]
[Site "Moscow RUS"]
[Date "2017.02.21"]
[EventDate "2017.02.21"]
[Round "1.25"]
[Result "1-0"]
[White "Abhijeet Gupta"]
[Black "Haik M Martirosyan"]
[WhiteElo "2645"]
[BlackElo "2529"]
[PlyCount "71"]

1. d4 Nf6 2. c4 e6 3. Nf3 b6 4. a3 Ba6 5. Qb3 Be7 6. Bf4 O-O
7. e3 d5 8. Nc3 c6 9. Rd1 Nbd7 10. h3 Qc8 11. Be2 Rd8 12. O-O
c5 13. Nb5 Bxb5 14. Qxb5 a6 15. Qb3 b5 16. cxd5 c4 17. Qc2
exd5 18. Ne5 Nf8 19. Bg5 Qe6 20. f4 Qd6 21. Bf3 Rac8 22. f5
Qc7 23. Bf4 Qb7 24. g4 Ne4 25. Bxe4 dxe4 26. g5 f6 27. gxf6
Bxf6 28. Kh1 Nd7 29. Rg1 Rf8 30. Ng4 Kh8 31. Qg2 Rce8 32. Bd6
Rg8 33. Qg3 Qd5 34. Ne5 Be7 35. Bxe7 Rxe7 36. Ng6+ 1-0

[Event "Aeroflot Open"]
[Site "Moscow RUS"]
[Date "2017.02.22"]
[EventDate "2017.02.21"]
[Round "2.41"]
[Result "0-1"]
[White "Haik M Martirosyan"]
[Black "Marin Bosiocic"]
[WhiteElo "2529"]
[BlackElo "2602"]
[PlyCount "118"]

1. d4 Nf6 2. c4 e6 3. Nf3 b6 4. g3 Ba6 5. b3 d5 6. Bg2 Bb4+
7. Bd2 Be7 8. cxd5 exd5 9. Nc3 O-O 10. O-O Bb7 11. Bg5 Nbd7
12. a3 Ne4 13. Bxe7 Qxe7 14. Qc2 c5 15. dxc5 Qxc5 16. Rac1
Rac8 17. Bh3 Qxa3 18. Qa2 Qb4 19. Qa4 Qxa4 20. Nxa4 Rxc1
21. Rxc1 Ndc5 22. Nd4 g6 23. Nc3 a5 24. Ncb5 Re8 25. Bg2 Re7
26. h4 Kf8 27. g4 Ba6 28. Na3 h6 29. Rc2 Nf6 30. f3 Ne6
31. Nxe6+ Rxe6 32. g5 hxg5 33. hxg5 Nh5 34. Kf2 d4 35. Rd2 Nf4
36. Bf1 Rd6 37. Nc2 Ne6 38. f4 d3 39. exd3 Nxf4 40. Ne3 Ne6
41. Nc4 Bxc4 42. bxc4 Nxg5 43. Bg2 Ne6 44. Ke3 f5 45. d4 Ke7
46. d5 Nc5 47. Rb2 Kf6 48. Kd4 g5 49. Bf1 g4 50. Rh2 Nb3+
51. Kc3 a4 52. Bd3 Kg5 53. Rh8 g3 54. Bf1 Nc5 55. Kd4 Kf4
56. Rh4+ Kf3 57. Ke5 Rg6 58. Kxf5 g2 59. Rf4+ Ke3 0-1

[Event "Aeroflot Open"]
[Site "Moscow RUS"]
[Date "2017.02.23"]
[EventDate "2017.02.21"]
[Round "3.49"]
[Result "1/2-1/2"]
[White "Himal Gusain"]
[Black "Haik M Martirosyan"]
[WhiteElo "2438"]
[BlackElo "2529"]
[PlyCount "86"]

1. e4 e6 2. d4 d5 3. Nc3 Bb4 4. e5 c5 5. a3 Bxc3+ 6. bxc3 Qc7
7. Qg4 f5 8. Qg3 cxd4 9. cxd4 Ne7 10. c3 Nbc6 11. h4 O-O
12. Nh3 Na5 13. Rb1 Bd7 14. Bh6 Rf7 15. Nf4 Rc8 16. Rh3 Kf8
17. Bg5 Nc4 18. h5 Nxa3 19. Rc1 Qb6 20. Qh4 Ke8 21. h6 Qb2
22. Nd3 Nc2+ 23. Kd1 Qxc3 24. Nc5 Qxd4+ 25. Qxd4 Nxd4 26. Nxb7
Ba4+ 27. Kd2 Rxc1 28. Nd6+ Kd7 29. Kxc1 Rf8 30. Ra3 Nb3+
31. Kb2 Rb8 32. Ka2 gxh6 33. Rxa4 hxg5 34. Bb5+ Rxb5 35. Rxa7+
Kc6 36. Nxb5 Kxb5 37. Kxb3 Nc6 38. Rxh7 Nxe5 39. Rh6 Nc6
40. Kc3 e5 41. Rh5 Kc5 42. Rxg5 f4 43. f3 Kd6 1/2-1/2

[Event "Aeroflot Open"]
[Site "Moscow RUS"]
[Date "2017.02.24"]
[EventDate "2017.02.21"]
[Round "4.49"]
[Result "1-0"]
[White "Haik M Martirosyan"]
[Black "Abhimanyu Puranik"]
[WhiteElo "2529"]
[BlackElo "2481"]
[PlyCount "121"]

1. d4 Nf6 2. Bg5 Ne4 3. Bf4 d5 4. Nd2 Nf6 5. e3 c5 6. c3 Nc6
7. Ngf3 Qb6 8. Qb3 e6 9. h3 Be7 10. Be2 O-O 11. O-O Bd7
12. Rfd1 Rac8 13. a4 Rfd8 14. Qa2 a5 15. Bd3 Be8 16. Qb1 g6
17. Bf1 Nd7 18. g4 Bf6 19. Bg3 cxd4 20. exd4 e5 21. c4 Nxd4
22. Nxd4 Qxd4 23. Bg2 Nc5 24. cxd5 Rxd5 25. Bxd5 Qxd5 26. Qa2
Qxa2 27. Rxa2 Rd8 28. Raa1 Bxa4 29. Rdc1 b6 30. Rxc5 bxc5
31. Ne4 Be7 32. Rxa4 f5 33. Nc3 f4 34. Bh2 Rb8 35. Ra2 c4
36. Ne4 Bb4 37. Ra1 Rd8 38. Rc1 Rd4 39. f3 Bd2 40. Ra1 Be3+
41. Kg2 Rd3 42. Bg1 Rb3 43. Bxe3 fxe3 44. Rxa5 Rxb2+ 45. Kg3
Rb1 46. Ra2 Rc1 47. Nf6+ Kg7 48. Nd5 Rg1+ 49. Kh2 Re1 50. Nc3
Rc1 51. Ne2 Rd1 52. Kg2 h5 53. Rc2 hxg4 54. fxg4 Rd2 55. Rxd2
exd2 56. Nc3 Kf6 57. h4 e4 58. Kf2 Ke6 59. Ke2 e3 60. Kxe3 Ke5
61. Nd1 1-0

[Event "Aeroflot Open"]
[Site "Moscow RUS"]
[Date "2017.02.25"]
[EventDate "2017.02.21"]
[Round "5.39"]
[Result "1-0"]
[White "Alexander Huzman"]
[Black "Haik M Martirosyan"]
[WhiteElo "2552"]
[BlackElo "2529"]
[PlyCount "121"]

1. Nf3 Nf6 2. c4 e6 3. g3 d5 4. d4 Be7 5. Bg2 O-O 6. O-O dxc4
7. Qc2 a6 8. a4 Bd7 9. Qxc4 Bc6 10. Bf4 Bd6 11. Nbd2 Nbd7
12. Bxd6 cxd6 13. Qb4 d5 14. Rfc1 a5 15. Qa3 Rc8 16. b4 axb4
17. Qxb4 b6 18. e3 Ba8 19. Rcb1 Rc7 20. Bf1 Ra7 21. Bb5 Qb8
22. Ne1 Rc8 23. Nd3 Bc6 24. Nf3 Bxb5 25. axb5 Qa8 26. Rxa7
Qxa7 27. Nfe5 Nb8 28. Qb2 Nfd7 29. Ra1 Qc7 30. Rc1 Qb7
31. Rxc8+ Qxc8 32. Qa3 Nxe5 33. Nxe5 f6 34. Nd3 Qc2 35. Qe7 g5
36. Qxe6+ Kg7 37. Qe7+ Kg6 38. Qe8+ Kg7 39. Qxb8 Qxd3 40. Qb7+
Kg6 41. Qxd5 h5 42. h3 g4 43. hxg4 hxg4 44. Kg2 f5 45. Qc6+
Kg5 46. Qd5 Kg6 47. Qd6+ Kh5 48. Qe5 Kg6 49. Qd6+ Kg5 50. Qf4+
Kg6 51. e4 Qxb5 52. Qd6+ Kh5 53. exf5 Qxf5 54. Qxb6 Qf3+
55. Kg1 Qd1+ 56. Kh2 Kg5 57. Qc5+ Kg6 58. Qe5 Qf3 59. Qf4 Qd1
60. Kg2 Kg7 61. Qe4 1-0

[Event "Aeroflot Open"]
[Site "Moscow RUS"]
[Date "2017.02.26"]
[EventDate "2017.02.21"]
[Round "6.45"]
[Result "1-0"]
[White "Haik M Martirosyan"]
[Black "Rameshbabu Praggnanandhaa"]
[WhiteElo "2529"]
[BlackElo "2455"]
[PlyCount "81"]

1. d4 Nf6 2. c4 g6 3. f3 Nh5 4. e4 e5 5. Be3 Bg7 6. d5 d6
7. Ne2 O-O 8. Nd2 f5 9. Nc3 a5 10. Qc2 Na6 11. a3 Bd7
12. O-O-O Kh8 13. Kb1 Qe7 14. g3 c6 15. Be2 Rac8 16. Nb3 a4
17. Na5 c5 18. Nxb7 Nb8 19. Na5 Qd8 20. Nc6 Bxc6 21. dxc6 Nxc6
22. Bxc5 Nd4 23. Bxd4 exd4 24. Nb5 fxe4 25. fxe4 Rf2 26. Rdf1
d3 27. Qxd3 Qf6 28. Qc2 Rxf1+ 29. Rxf1 Qe5 30. Bxh5 gxh5
31. Rf5 Qe6 32. Rd5 Be5 33. Qxa4 Rf8 34. Rd2 Qg6 35. Qc2 Rf1+
36. Ka2 Qf6 37. Qd3 Rf3 38. Qd5 Rf2 39. Qa8+ Qf8 40. Qxf8+
Rxf8 41. Nxd6 1-0

[Event "Aeroflot Open"]
[Site "Moscow RUS"]
[Date "2017.02.27"]
[EventDate "2017.02.21"]
[Round "7.35"]
[Result "1-0"]
[White "Ivan Rozum"]
[Black "Haik M Martirosyan"]
[WhiteElo "2601"]
[BlackElo "2529"]
[PlyCount "71"]

1. d4 Nf6 2. c4 e6 3. Nc3 c5 4. d5 exd5 5. cxd5 d6 6. Nf3 g6
7. g3 Bg7 8. Bg2 O-O 9. O-O Na6 10. Bf4 Nc7 11. a4 Re8 12. Re1
Ne4 13. Nxe4 Rxe4 14. Nd2 Rxf4 15. gxf4 Bxb2 16. Rb1 Bg7
17. Qb3 b6 18. e4 Bh6 19. Qg3 Ne8 20. Nc4 Qf6 21. f5 Bd7
22. a5 b5 23. e5 Qxf5 24. e6 bxc4 25. Bh3 Qg5 26. exd7 Nf6
27. Rb7 c3 28. Rxa7 Rf8 29. Qxg5 Bxg5 30. Rc7 Nxd5 31. Rc8 Nb4
32. Rc1 Bxc1 33. Rxf8+ Kxf8 34. d8=Q+ Kg7 35. Bd7 Bg5 36. Qxg5
1-0

[Event "Aeroflot Open"]
[Site "Moscow RUS"]
[Date "2017.02.28"]
[EventDate "2017.02.21"]
[Round "8.43"]
[Result "0-1"]
[White "Haik M Martirosyan"]
[Black "Tigran K Harutyunian"]
[WhiteElo "2529"]
[BlackElo "2515"]
[PlyCount "92"]

1. d4 d5 2. c4 c6 3. Nf3 Nf6 4. Nc3 e6 5. Bg5 h6 6. Bxf6 Qxf6
7. g3 Nd7 8. Bg2 dxc4 9. O-O Be7 10. Ne4 Qf5 11. Ned2 e5
12. e4 Qe6 13. Rc1 b5 14. b3 Ba3 15. Rc2 cxb3 16. Nxb3 O-O
17. Nh4 Nb6 18. f4 Nc4 19. Nf5 exf4 20. Rxf4 Qg6 21. g4 Rd8
22. Qe1 a5 23. Qf2 Ra7 24. h4 a4 25. Nc1 c5 26. d5 Bxf5
27. Rxf5 Qxg4 28. Ne2 Re7 29. Rf4 Qd7 30. Ng3 g6 31. h5 Ne5
32. Qe3 Bb4 33. hxg6 fxg6 34. a3 Ba5 35. Rf6 c4 36. Rcf2 Rg7
37. Bf3 Qa7 38. Qxa7 Rxa7 39. Re6 Bc3 40. Ne2 Bb2 41. Bg2 Rf7
42. Rxf7 Rf8 43. Rb6 Bxa3 44. Rxb5 Bd6 45. Ra5 a3 46. Bh3 Rb8
0-1

[Event "European Individual Chess Championship"]
[Site "Minsk BLR"]
[Date "2017.05.31"]
[EventDate "2017.05.30"]
[Round "2.37"]
[Result "1/2-1/2"]
[White "Haik M Martirosyan"]
[Black "Evgeny Romanov"]
[WhiteElo "2516"]
[BlackElo "2636"]
[PlyCount "46"]

1. d4 d5 2. c4 dxc4 3. Nf3 Nf6 4. e3 b5 5. a4 b4 6. Bxc4 e6
7. Nbd2 Be7 8. b3 Bb7 9. Bb2 O-O 10. O-O Nbd7 11. Qe2 c5
12. a5 Rc8 13. Ba6 Qc7 14. Rfc1 Bxa6 15. Qxa6 Qb8 16. Qe2 Nd5
17. Ne5 Rfd8 18. Ne4 cxd4 19. Nxd7 Rxd7 20. Bxd4 Rdc7 21. Rc4
f5 22. Nd2 Rxc4 23. Nxc4 Bf6 1/2-1/2

[Event "European Individual Chess Championship"]
[Site "Minsk BLR"]
[Date "2017.06.01"]
[EventDate "2017.05.30"]
[Round "3.49"]
[Result "1/2-1/2"]
[White "Ivan Ivanisevic"]
[Black "Haik M Martirosyan"]
[WhiteElo "2638"]
[BlackElo "2516"]
[PlyCount "92"]

1. d4 Nf6 2. Bg5 e6 3. Nd2 d5 4. e3 Be7 5. Bd3 b6 6. c3 Nbd7
7. f4 Bb7 8. Nh3 Ne4 9. Nxe4 dxe4 10. Bc4 h6 11. Bxe7 Qxe7
12. O-O Nf6 13. Qe2 g6 14. Nf2 Kf8 15. g4 a6 16. Nh1 h5 17. g5
Ne8 18. h4 Nd6 19. Ng3 f5 20. Rfd1 a5 21. a4 Nxc4 22. Qxc4 Ba6
23. Qb3 Bd3 24. Rd2 Kf7 25. Nh1 c5 26. Nf2 c4 27. Qb5 Qd6
28. b3 Rhc8 29. Rb2 Rc6 30. Qe5 Qxe5 31. fxe5 cxb3 32. Rxb3
Bc2 33. Rb2 Rxc3 34. Rxb6 Rxe3 35. Rb7+ Kg8 36. Re7 f4 37. Rc1
Rc8 38. Rxe6 Rec3 39. Rxg6+ Kh7 40. Rf6 e3 41. Nh3 Be4
42. Rxc3 Rxc3 43. Nxf4 Rc1+ 44. Kh2 Rh1+ 45. Kg3 Rg1+ 46. Kh3
Rh1+ 1/2-1/2

[Event "European Individual Chess Championship"]
[Site "Minsk BLR"]
[Date "2017.06.02"]
[EventDate "2017.05.30"]
[Round "4.40"]
[Result "1/2-1/2"]
[White "Haik M Martirosyan"]
[Black "Alexander Motylev"]
[WhiteElo "2516"]
[BlackElo "2665"]
[PlyCount "28"]

1. Nf3 d5 2. g3 g6 3. d4 Bg7 4. Bg2 Nf6 5. O-O O-O 6. c3 c6
7. Bf4 Bf5 8. Nbd2 Nbd7 9. Qb3 Qb6 10. Ne5 Nh5 11. Nxd7 Bxd7
12. Be3 Nf6 13. Bf4 Nh5 14. Be3 Nf6 1/2-1/2